Colman Domingo Filmography - Statistics

General Stats
  • This quiz has been taken 7 times
    4 since last reset
  • The average score is 12 of 125
Answer Stats
Type Year Name % Correct
TV Show 2019-Present Euphoria
100%
TV Show 2026 Euphoria
100%
Film 2023 Rustin
100%
Film 2023 Sing Sing
100%
Film 2013 42
75%
Film 2014 Selma
75%
Film 2013 The Butler
75%
Film 2023 The Color Purple
75%
Film 2024 Drive-Away Dolls
50%
TV Show 2015-2023 Fear the Walking Dead
50%
Film 2018 If Beale Street Could Talk
50%
Film 2012 Lincoln
50%
Web Series 2025 The Four Seasons
50%
Film 2018 Assassination Nation
25%
Film 2021 Candyman
25%
Film 2020 Ma Rainey's Black Bottom
25%
Film 2025 Michael
25%
Film 2023 Ruby Gillman, Teenage Kraken
25%
Web Series 2025 RuPaul's Drag Race All Stars
25%
Director TBA Scandalous!
25%
Film 2025 The Running Man
25%
Film 2023 Transformers: Rise of the Beasts
25%
Film 2020 Zola
25%
TV Show 2023 A Black Lady Sketch Show
0%
Theater 2005, 2009, 2011, 2014 A Boy and His Soul
0%
Theater 2001 A Christmas Carol
0%
Film 2013 All Is Bright
0%
Theater 2004 All's Well That Ends Well
0%
Short Film 2013 A Long Walk
0%
TV Show 2018 American Dad!
0%
Theater 2003 American Ma(u)l
0%
Theater 1997, 2002 A Midsummer Night's Dream
0%
Theater 2019 A Raisin in the Sun
0%
Film 1998 Around the Fire
0%
Theater 2020 Barbecue
0%
Podcast 2024 Batman Unburied
0%
Film 2015 Beautiful Something
0%
Podcast 2021 Blackout
0%
Theater 1997 Blade to the Heat
0%
Theater 1997 Blues for an Alabama Sky
0%
Web Series 2017 BoJack Horseman
0%
Podcast 2020-2022 Bottomless Brunch at Colman's
0%
Theater 2003 Bright Ideas
0%
Commercial 2021 Bulleit Bourbon
0%
Documentary Mini-Series 2020 Change the Narrative
0%
Film 2024 Chapter 51
0%
Theater 2010-2011 Chicago
0%
TV Show 2021 Cinema Toast
0%
Theater 2009 Coming Home
0%
Commercial 2021 Crown Royal
0%
Film 2016 Culling Hens
0%
Film TBA Dead Man's Wire
0%
Film 2000 Desi's Looking for a New Girl
0%
Commercial 2021 Don Julio
0%
Theater 2000 Fences
0%
Film 2018 First Match
0%
TV Pilot 2015 For Justice
0%
Film 2006 Freedomland
0%
TV Show 2009, 2025 Great Performances
0%
Theater 2014 Guys and Dolls
0%
Film 2013 Hair Brained
0%
TV Show 2019 Halloween Wars
0%
Theater 2002 Haroun and the Sea of Stories
0%
Theater 2003 Henry V
0%
Web Mini-Series 2016 Horace and Pete
0%
Theater 1997 Hurricane
0%
Theater 1996 Journey to the West
0%
Commercial 2020 Ketel One
0%
Short Film 1999 King of the Bingo Game
0%
Film 2003 Kung Phooey!
0%
TV Show 2004, 2008 Law & Order
0%
TV Show 2006 Law & Order: Trial by Jury
0%
Theater 2000 Love's Labour's Lost
0%
TV Show 2016 Lucifer
0%
Film 2019 Lucy in the Sky
0%
Theater 1998 Maleta Mulata
0%
Film 2008 Miracle at St. Anna
0%
TV Show 1997, 1999, 2000 Nash Bridges
0%
Film 2013 Newlyweeds
0%
Short Film 2022 New Moon
0%
Short Film 2022 North Star
0%
Short Film 2018 Nothingman
0%
Theater 2014 Nothing Personal
0%
Theater 1994 Out of the Inkwell
0%
Theater 2006-2008 Passing Strange
0%
Documentary 2009 Passing Strange
0%
Theater 2005-2006 People's Temple
0%
TV Show 2023 Project Runway
0%
Film 2012 Red Hook Summer
0%
Theater 1999 Romeo and Juliet
0%
Web Series 2025 RuPaul's Drag Race All Stars: Untucked!
0%
Theater 2000 Son of Don Juan
0%
Film TBA Strange Arrivals
0%
TV Show 2016-2021 Talking Dead
0%
TV Show 2008-2010 The Big Gay Sketch Show
0%
Film 2016 The Birth of a Nation
0%
Theater 2012 The Blood Knot
0%
Theater 1995 The Desk Set
0%
Film 2025 The Electric State
0%
Film 2021 The God Committee
0%
TV Show 2015 The Knick
0%
Web Mini-Series 2024 The Madness
0%
Theater 2011 The Millionairess
0%
Podcast 2023 The Riddler: Secrets in the Dark
0%
Theater 2010, 2013-2015 The Scottsboro Boys
0%
Theater 2000 The Taming of the Shrew
0%
Web Series 2020 The Twilight Zone
0%
Theater 1999, 2001 The Two Gentlemen of Verona
0%
Theater 2002 The Winter's Tale
0%
Theater 2009 The Wiz
0%
TV Show 2017 Timeless
0%
Film 2014 Time Out of Mind
0%
Film 1995 Timepiece
0%
Film 1999 True Crime
0%
Film TBA True-ish
0%
Theater 1995 Twelfth Night
0%
Theater 1998 Up Jumped Springtime
0%
Theater 2006-2007 Well
0%
Theater 2004 Wet or, Isabella the Pirate Queen Enters the Horse Latitudes
0%
Documentary 2022 When My Sleeping Dragon Woke
0%
Theater 2012-2013 Wild with Happy
0%
Podcast 2024 Wild with Happy
0%
Film 2021 Without Remorse
0%
Documentary Mini-Series 2023 You Are Here
0%
Web Series 2025 Your Friendly Neighborhood Spider-Man
0%
No matching quizzes found
Score Distribution
Percent of People with Each Score
Percentile by Number Answered
Your Score History
You have not taken this quiz since the last reset